000
00334nam a2200145Ia 4500
008
191201s2011 xx 000 0 und d
082
_a
658.8
_b
JOI
100
_a
JOSHI,Rakesh Mohan
245
0
_a
International Marketing
250
_a
IMP 15
260
_a
N. delhi
_b
Oxford
_c
2011
300
_a
750
650
_a
MBA
942
_2
ddc
_c
BK
999
_c
5143
_d
5143